Cuerpo e identidades en la poesía contemporánea escrita por mujeres centroamericanas /

A partir de 1980 América Central se ha convertido en una región con nombre propio y de interés académico y cultural para los estudios post estructuralistas. Estos estudios, alimentados de las teorías feministas y posfeministas, psicoanalíticas, de la subalterinidad, entre otras, han contribuido a la...

ver descrição completa

Na minha lista:
Detalhes bibliográficos
Autor principal: Elvir, Lety
Formato: Desconhecido
Assuntos:
Tags: Adicionar Tag
Sem tags, seja o primeiro a adicionar uma tag!

MARC

LEADER 000000000a22000000004500
001 003252
100 1 |a Elvir, Lety 
245 1 0 |a Cuerpo e identidades en la poesía contemporánea escrita por mujeres centroamericanas /   |c Lety Elvir. 
520 |a A partir de 1980 América Central se ha convertido en una región con nombre propio y de interés académico y cultural para los estudios post estructuralistas. Estos estudios, alimentados de las teorías feministas y posfeministas, psicoanalíticas, de la subalterinidad, entre otras, han contribuido a la visibilizacion de los aportes literarios de la mujer. 
650 4 |a TEOLOGIA DE LA LIBERACION 
773 0 |d Managua, Nicaragua : ANIDE  |t ANIDE Asociación Nicaragüense de Escritoras  |g año 5, edición 11 (enero-abril 2006), páginas 63-70 páginas 
942 |c ARC 
999 |c 9995  |d 9995